000 00351nam a2200157Ia 4500
100 _aDeb/Kalyanmoy
650 _aOptimization
942 _cBK
366 _f25
245 _aMulti-Objective optimization using evolution algorithms
260 _bWiley
_c2003
082 _a5.1
_bDEB
300 _a515
546 _aENGLISH
_cComputers
999 _c35469
_d35469